List of London Railway Stations - Statistics

General Stats
  • This quiz has been taken 618 times
    611 since last reset
  • The average score is 289 of 469
Answer Stats
Answer % Correct
London Victoria
92%
London Waterloo
91%
Crystal Palace
88%
Sutton
88%
West Croydon
88%
Clapham Junction
87%
East Croydon
87%
London Blackfriars
87%
London Bridge
87%
London King's Cross
87%
West Croydon
87%
Blackheath
86%
London Paddington
86%
Stratford
86%
Greenwich
84%
Lewisham
84%
London Liverpool Street
84%
Paddington
84%
Farringdon
83%
Kingston
83%
London Euston
83%
London St Pancras International
83%
New Cross
83%
Richmond
83%
Wimbledon
83%
Catford
82%
Hounslow
82%
Peckham Rye
82%
Wembley Stadium
82%
West Ham
82%
Woolwich
82%
Dartford
80%
Ealing Broadway
80%
Hampton
80%
London Marylebone
80%
New Cross Gate
80%
South Croydon
80%
Battersea Park
79%
Bromley South
79%
Finsbury Park
79%
Hayes
79%
Vauxhall
79%
Abbey Wood
78%
Greenford
78%
Streatham
78%
Sydenham
78%
Whitechapel
78%
Bromley North
76%
City Thameslink
76%
Denmark Hill
76%
Hampton Court
76%
Old Street
76%
Purley
76%
Romford
76%
Shoreditch High Street
76%
Deptford
75%
Epsom Downs
75%
Seven Sisters
75%
Tottenham Court Road
75%
Upminster
75%
West Hampstead
75%
Barking
74%
Canary Wharf
74%
Harringay
74%
Highbury & Islington
74%
Kentish Town
74%
Kew Gardens
74%
London Charing Cross
74%
London Moorgate
74%
Norwood Junction
74%
Putney
74%
Southall
74%
Alexandra Palace
72%
Brixton
72%
Canada Water
72%
Hayes & Harlington
72%
London Fenchurch Street
72%
Surbiton
72%
Waterloo East
72%
Woolwich Arsenal
72%
Acton Main Line
71%
Bethnal Green
71%
Bexley
71%
Bond Street
71%
Camden Road
71%
Dalston Junction
71%
Hackney Central
71%
Hampstead Heath
71%
Harrow-on-the-hill
71%
London Cannon Street
71%
Orpington
71%
Penge West
71%
Rotherhithe
71%
Stratford International
71%
Twickenham
71%
Watford Junction
71%
Amersham
70%
Brockley
70%
Clapham High Street
70%
Gunnersbury
70%
Tattenham Corner
70%
Tottenham Hale
70%
Wapping
70%
West Ealing
70%
Willesden Junction
70%
Balham
68%
Barnes
68%
Beckenham Junction
68%
Canonbury
68%
Elephant & Castle
68%
Harrow & Wealdstone
68%
Penge East
68%
Queen's Park
68%
Shadwell
68%
Shenfield
68%
Shepperton
68%
South Acton
68%
Tooting
68%
Wembley Central
68%
Anerley
67%
Enfield Town
67%
Gospel Oak
67%
Hackney Downs
67%
Heathrow Terminal 5
67%
Hendon
67%
Herne Hill
67%
Ilford
67%
Kensington (Olympia)
67%
Kenton
67%
Seven Kings
67%
Surrey Quays
67%
Wandsworth Road
67%
Hackney Wick
66%
Heathrow Terminal 4
66%
Maryland
66%
Queens Road Peckham
66%
Stonebridge Park
66%
West Drayton
66%
West Dulwich
66%
Barking Riverside
64%
Brentwood
64%
Carshalton
64%
Cricklewood
64%
Dalston Kingsland
64%
Homerton
64%
Honor Oak Park
64%
Hoxton
64%
Kensal Rise
64%
Kew Bridge
64%
Mitcham Junction
64%
South Kenton
64%
Teddington
64%
West Ruislip
64%
West Sutton
64%
Catford Bridge
63%
Chingford
63%
Drayton Park
63%
East Dulwich
63%
Emerson Park
63%
Forest Gate
63%
Gidea Park
63%
Haggerston
63%
Harlesden
63%
Hornsey
63%
Kensal Green
63%
London Fields
63%
Norbiton
63%
North Wembley
63%
Plumstead
63%
Rickmansworth
63%
South Ruislip
63%
South Tottenham
63%
Acton Central
62%
Brondesbury
62%
Cambridge Heath
62%
Charlton
62%
Coulsdon South
62%
Finchley Road & Frognal
62%
Forest Hill
62%
Heathrow Terminals 2 & 3
62%
Imperial Wharf
62%
Kentish Town West
62%
Leytonstone High Road
62%
Liverpool Street
62%
Loughborough Junction
62%
Shepherd's Bush
62%
South Hampstead
62%
Stoke Newington
62%
Tulse Hill
62%
Turkey Street
62%
Watford High Street
62%
White Hart Lane
62%
Caterham
61%
Chalfont & Latimer
61%
Chiswick
61%
Essex Road
61%
Hanwell
61%
Harold Wood
61%
New Southgate
61%
Thornton Heath
61%
Walthamstow Central
61%
Bexleyheath
59%
Brent Cross West
59%
Brentford
59%
Brondesbury Park
59%
Caledonian Road & Barnsbury
59%
Cheshunt
59%
Elstree & Borehamwood
59%
Leyton Midland Road
59%
Limehouse
59%
Maze Hill
59%
Raynes Park
59%
South Bermondsey
59%
Wanstead Park
59%
Barnes Bridge
58%
Blackhorse Road
58%
Bushey
58%
Bush Hill Park
58%
Chorleywood
58%
Clapton
58%
Goodmayes
58%
South Merton
58%
West Hampstead Thameslink
58%
Wimbledon Chase
58%
Chessington South
57%
Erith
57%
Isleworth
57%
Kilburn High Road
57%
Mortlake
57%
New Barnet
57%
Southbury
57%
Sudbury & Harrow Road
57%
Upper Holloway
57%
Carpenders Park
55%
Harringay Green Lanes
55%
Mill Hill Broadway
55%
Northolt Park
55%
Selhurst
55%
Silver Street
55%
West Brompton
55%
Bruce Grove
54%
Crouch HIll
54%
Enfield Lock
54%
Hatch End
54%
Kent House
54%
Meridian Water
54%
Rectory Road
54%
Stamford Hill
54%
St Margarets
54%
Streatham Common
54%
Chessington North
53%
Clock House
53%
Dagenham Dock
53%
Headstone Lane
53%
Hither Green
53%
Norbury
53%
Oakleigh Park
53%
Petts Wood
53%
Chadwell Heath
51%
Eltham
51%
Highams Park
51%
Manor Park
51%
Mitcham Eastfields
51%
Morden South
51%
Sydenham Hill
51%
Walthamstow Queen's Road
51%
Wandsworth Common
51%
Woodgrange Park
51%
Broxbourne
50%
Crayford
50%
Haydons Road
50%
Northumberland Park
50%
Slade Green
50%
St Helier
50%
Strawberry Hill
50%
Theobalds Grove
50%
Wandsworth Town
50%
Wood Street
50%
Bellingham
49%
Custom House
49%
Earlsfield
49%
Edmonton Green
49%
Ladywell
49%
New Malden
49%
Palmers Green
49%
Beckenham Hill
47%
Bickley
47%
Birkbeck
47%
Crews Hill
47%
Falconwood
47%
Feltham
47%
North Dulwich
47%
North Sheen
47%
Ponders End
47%
Radlett
47%
Rainham
47%
St James Street
47%
St Mary Cray
47%
Swanley
47%
Cheam
46%
Lee
46%
Mottingham
46%
Waltham Cross
46%
Nunhead
45%
Shortlands
45%
Sidcup
45%
Syon Lane
45%
Wallington
45%
Elmers End
43%
Hampton Wick
43%
St Johns
43%
Streatham Hill
43%
Sutton Common
43%
Belvedere
42%
Berrylands
42%
Brimsdown
42%
Carshalton Beeches
42%
Castle Bar Park
42%
Grays
42%
Hackbridge
42%
Hadley Wood
42%
Purley Oaks
42%
Queenstown Road (Battersea)
42%
Sudbury Hill Harrow
42%
Welling
42%
Westcombe Park
42%
West Norwood
42%
Woolwich Dockyard
42%
Gipsy Hill
41%
South Greenford
41%
Thames Ditton
41%
Bowes Park
39%
Chislehurst
39%
Drayton Green
39%
Enfield Chase
39%
Lea Bridge
39%
Ravensbourne
39%
Winchmore Hill
39%
Grove Park
38%
Knockholt
38%
Lower Sydenham
38%
Motspur Park
38%
Tolworth
38%
Waddon
38%
Kidbrooke
37%
Whitton
37%
Worcester Park
37%
Ewell East
36%
Banstead
34%
Barnehurst
34%
Coulsdon Town
34%
Crofton Park
34%
Elmstead Woods
34%
Kenley
34%
New Beckenham
34%
Ewell West
33%
Gordon Hill
33%
New Eltham
33%
Sanderstead
33%
Sundridge Park
33%
West Wickham
33%
Whyteleafe
33%
Albany Park
32%
Belmont
32%
Fulwell
32%
Malden Manor
32%
Ockendon
32%
Riddlesdown
32%
Upper Warlingham
32%
Reedham
30%
Chelsfield
29%
Eden Park
29%
Purfleet
29%
Whyteleafe South
29%
Chipstead
26%
Stoneleigh
26%
Woodmansterne
26%
Kempton Park
25%
Kingswood
25%
Chafford Hundred
24%
Sunbury
24%
Tadworth
24%
Grange Park
22%
Upper Halliford
18%
No matching quizzes found
Score Distribution
Percent of People with Each Score
Percentile by Number Answered
Your Score History
You have not taken this quiz since the last reset